| 000 | 00615nam a2200181Ia 4500 | ||
|---|---|---|---|
| 003 | IN-BaIIA | ||
| 008 | 211028s9999 xx 000 0 eng d | ||
| 040 | _cIIA Library | ||
| 080 |
_a81.53 _bSTR-5 |
||
| 100 |
_aStrutt, John William _92444 |
||
| 245 | 0 |
_aScientific papers _bvol. 6, 1911-1919 _cJohn William Strutt |
|
| 260 |
_aCambridge _bCambridge University Press _c1920 |
||
| 300 | _axvi, 718p. | ||
| 650 | _aAstronomy and Astrophysics thesaurus | ||
| 650 |
_aCollected works-John William Strutt _92445 |
||
| 650 |
_aJohn William Strutt collected works _92446 |
||
| 942 | _cBK | ||
| 999 |
_c1167 _d1167 |
||